<The> Marketing Challenge of 1992

Salvato in:
Dettagli Bibliografici
Autore principale: Quelch, John A.
Altri autori: Buzzell, Robert D., Salama, Eric R.
Natura: Libro
Lingua:inglese
Pubblicazione: Reading Addison-Wesley Pub. Co. 1990
Edizione:1. ed.
Tags: Aggiungi Tag
Nessun Tag, puoi essere il primo ad aggiungerne!!

MARC

LEADER 00000nam a2200000 4500
001 c037338
005 20221215114133.9
041 0 |a eng 
044 |a US 
245 1 0 |a <The> Marketing Challenge of 1992  |c John A. Quelch, Robert D. Buzzell, Eric R. Salama 
250 |a 1. ed. 
264 1 |a Reading  |b Addison-Wesley Pub. Co.  |c 1990 
300 |a 390 s. 
100 1 |a Quelch, John A. 
700 1 |a Buzzell, Robert D. 
700 1 |a Salama, Eric R.